MARC

Tag First Indicator Second Indicator Subfields
LEADER 00000cam a2200000 a 4500
001 in00001403032
005 20151020053121.0
008 970811s1998 njua b 001 0 eng
010 |a  97036482  
020 |a 0838637418 (alk. paper) 
035 |a (OCoLC)37493407 
035 |9 AHM7080AM 
040 |a DLC  |c DLC  |d TXA  |d UtOrBLW 
043 |a e-uk-en  |a n-us--- 
049 |a TXAM 
050 0 0 |a PR2805  |b .R56 1998 
082 0 0 |a 822.3/3  |2 21 
100 1 |a Ripley, John,  |d 1936- 
245 1 0 |a Coriolanus on stage in England and America, 1609-1994 /  |c John Ripley. 
264 1 |a Madison [N.J.] :  |b Fairleigh Dickinson University Press ;  |a London :  |b Associated University Presses,  |c [1998] 
264 4 |c ©1998 
300 |a 431 pages :  |b illustrations ;  |c 24 cm. 
336 |a text  |b txt  |2 rdacontent 
337 |a unmediated  |b n  |2 rdamedia 
338 |a volume  |b nc  |2 rdacarrier 
504 |a Includes bibliographical references and index. 
600 1 0 |a Shakespeare, William,  |d 1564-1616.  |t Coriolanus. 
600 1 0 |a Shakespeare, William,  |d 1564-1616  |x Stage history  |z England. 
600 1 0 |a Shakespeare, William,  |d 1564-1616  |x Stage history  |z United States. 
600 1 0 |a Coriolanus, Cnaeus Marcius  |x In literature. 
650 0 |a Heroes in literature. 
651 0 |a Rome  |x In literature. 
650 0 |a Tragedy. 
999 |a MARS 
999 f f |s 3691b71c-7dfd-3ce1-bd35-336a0e36c9fa  |i 78d98400-eb3b-399d-9aef-94e1ed1863d8  |t 0 
952 f f |p normal  |a Texas A&M University  |b College Station  |c Sterling C. Evans Library  |d Evans: Library Stacks  |t 0  |e PR2805 .R56 1998  |h Library of Congress classification  |i unmediated -- volume  |m A14822565170 
998 f f |a PR2805 .R56 1998  |t 0  |l Evans: Library Stacks